Sindh : سندھ (Record no. 89076)
[ view plain ]
| 000 -LEADER | |
|---|---|
| fixed length control field | 00514nam a22001457a 4500 |
| 005 - DATE AND TIME OF LATEST TRANSACTION | |
| control field | 20161205112433.0 |
| 008 - FIXED-LENGTH DATA ELEMENTS--GENERAL INFORMATION | |
| fixed length control field | 161205b xxu||||| |||| 00| 0 eng d |
| 040 ## - CATALOGING SOURCE | |
| Transcribing agency | PK-LaUMT |
| 082 ## - DEWEY DECIMAL CLASSIFICATION NUMBER | |
| Classification number | MMC 954.918 |
| Item number | MOS-S |
| 100 ## - MAIN ENTRY--PERSONAL NAME | |
| Personal name | Mosa Bhutto, Muhammad موسی بھٹو، محمد |
| 245 ## - TITLE STATEMENT | |
| Title | Sindh : سندھ |
| Remainder of title | mazi haal aur mustabbil ماضی حال اور مستقبل |
| Statement of responsibility, etc | Muhammad Mosa Bhutto محمد موسی بھٹو |
| 260 ## - PUBLICATION, DISTRIBUTION, ETC. (IMPRINT) | |
| Place of publication, distribution, etc | Haiderabad : |
| Name of publisher, distributor, etc | Babul Islam Publications, |
| Date of publication, distribution, etc | 1987 |
| 300 ## - PHYSICAL DESCRIPTION | |
| Extent | 163 p. |
| 942 ## - ADDED ENTRY ELEMENTS (KOHA) | |
| Koha item type | Books |
| Withdrawn status | Lost status | Damaged status | Home library | Current library | Date acquired | Full call number | Barcode | Date last seen | Price effective from | Koha item type |
|---|---|---|---|---|---|---|---|---|---|---|
| UMT Main Campus | UMT Main Campus | 2016-12-05 | MMC 954.918 MOS-S | 102899 | 2016-12-05 | 2016-12-05 | Books |
